Joseph Goebbels /

Gorde:
Xehetasun bibliografikoak
Egile nagusia: Heiber, Helmut (autor)
Formatua: Liburua
Hizkuntza:German
Argitaratua: Munich, Alemania : Deutscher Taschenbuch, 1965, c1962
Saila:(DTV ; 271/272)
Gaiak:
Etiketak: Etiketa erantsi
Etiketarik gabe, Izan zaitez lehena erregistro honi etiketa jartzen!

MARC

LEADER 00000nam^a2200000^a^4500
001 000451237
005 20250521000000.0
009 20260310123808.609
037 |a Acervo ITESO - Biblioteca 
041 |a ALE 
082 |a 943. 086  |b HEI 
100 |a Heiber, Helmut  |e (autor) 
245 1 0 |a Joseph Goebbels /  |c H. Heiber. 
264 4 |a Munich, Alemania :  |b Deutscher Taschenbuch,  |c 1965, c1962 
300 |a 392 p. 
336 |a texto  |b txt  |2 rdacontenido 
337 |a sin mediación  |b n  |2 rdamedio 
338 |a volumen  |b nc  |2 rdasoporte 
440 1 |a (DTV ;  |v 271/272) 
649 |a XX 
650 |a Políticos Alemanes 
650 |a Nazismo -  |z Alemania -  |x Historia 
650 |a Propaganda -  |z Alemania -  |x Historia -  |y Tercer Reich, 1933-1945 -  |x Tema Principal 
650 |a Propaganda -  |z Alemania -  |x Historia -  |y Siglo XX 
650 |a Comunicación y Política -  |z Alemania -  |x Historia 
650 |a Política -  |z Alemania -  |x Historia -  |y Tercer Reich, 1933-1945 
650 |a Alemania -  |x Historia -  |y Tercer Reich, 1933-1945 -  |x Tema Principal 
650 |a Goebbels, Joseph -  |x Tema Principal 
910 |a Fondo Efraín González Morfín 
920 |a Impresos - Libros 
930 |a Fondos Especiales 
905 |a 130 
901 |a 0500383505  |b IT2  |c ESL  |i D90230  |u 20250521 
902 |a https://opac.biblio.iteso.mx/vufind/Record/000451237